| 000 | 00835nam a22001697a 4500 | ||
|---|---|---|---|
| 999 |
_c63636 _d63636 |
||
| 003 | Ge_BSU | ||
| 005 | 20251120140910.0 | ||
| 008 | 251120s1970 ge ||||| |||| 00| 0 geo d | ||
| 041 | _ageo | ||
| 080 | _a911.3:33(47+57)(075.3) შ-94 | ||
| 100 |
_aშუვალოვი, ეფიმ _926280 |
||
| 245 |
_aსსრ კავშირის ეკონომიური გეოგრაფია : _bზოგადი მიმოხილვა. VIII კლ. დამხმარე სახელმძღვ. / _cეფიმ შუვალოვი. |
||
| 264 |
_aთბილისი : _bგანათლება, _c1970. |
||
| 300 |
_a107 გვ. : _b ილ. ; _c21 სმ. |
||
| 653 | _aსსრ კავშირის ეკონომიური გეოგრაფია | ||
| 942 |
_2udc _cᲬᲘᲒᲜᲘ |
||